=LDR 00000nam 2200000 4500 =001 INLIS000000000035117 =005 20130612141009 =008 ***********************************Ind** =035 ##$$0010-061300000035117 =041 ##$$a Ind =082 ##$$a 808.84 =090 ##$$a 808.84, Can d =100 ##$$a Canfield,Jack;Mark Victor Hansen =245 ##$$a Chicken Soup For the Soul, 86 Lebih kisah untuk membuka hati dan mengobarkan semangat kembali, Jack Canfield,Mark Victor Hansen =260 ##$$a 1996 $b Jakrta =300 ##$$a 412 hlm., 21 cm =650 ##$$a Cerita Pendek-Kumpulan =700 ##$$a Victor,Mark Hansen =850 ##$$a NBPNMAT